Reforma estructural, pobreza y exclusión (Registro nro. 22721)
[ vista simple ]
| 000 -LEADER | |
|---|---|
| fixed length control field | 00309 a2200109 4500 |
| 001 - CONTROL NUMBER | |
| control field | ART_6222 |
| 005 - DATE AND TIME OF LATEST TRANSACTION | |
| control field | 20260410161825.0 |
| 008 - FIXED-LENGTH DATA ELEMENTS--GENERAL INFORMATION | |
| fixed length control field | 260409a |
| 100 1# - MAIN ENTRY--PERSONAL NAME | |
| Personal name | Lacabana, Miguel |
| 245 10 - TITLE STATEMENT | |
| Title | Reforma estructural, pobreza y exclusión |
| 773 0# - HOST ITEM ENTRY | |
| Title | FACES |
| Related parts | - Año 3, Nº 4 (oct. 1997) |
| Record control number | REV5046 |
No hay ítems disponibles.